000 00712cam a2200205 4500500
005 20260405002825.0
041 _afre
042 _adc
100 1 0 _aEnjalbert, Cédric
_eauthor
245 0 0 _aVincent Valentin : “La question est de savoir si le prélèvement à la source produit ‘l’illusion de la gratuité’”
260 _c2018.
500 _a4
690 _aFiscalité
690 _aImpôt
690 _aLibéralisme
690 _aPrélèvement à la source
690 _aVincent Valentin
786 0 _nPhilosophie magazine | 123 | 10 | 2018-10-01 | p. 9-9 | 1951-1787
856 4 1 _uhttps://shs.cairn.info/magazine-philosophie-magazine-2018-10-page-9?lang=fr&redirect-ssocas=7080
999 _c2061483
_d2061483